| 000 | 01573nam a2200313 i 4500 | ||
|---|---|---|---|
| 003 | vecauma | ||
| 005 | 20260526194345.0 | ||
| 007 | ta | ||
| 008 | 260408t2017 pe |||||r|||| 00| 0 spa d | ||
| 020 | _a9786124030628 | ||
| 040 |
_avecauma _bspa _cvecauma _dvecauma _erda |
||
| 041 | 1 |
_aspa _hita |
|
| 099 |
_aLC225 _bN46 _c |
||
| 100 | 1 |
_aNembrini, Franco, _d1955- _eautor _914055 |
|
| 245 | 1 | 0 |
_aHe visto educar : _bde la familia a la escuela _c/ Franco Nembrini ; prólogo del cardenal Camillo Ruini. |
| 264 | 1 |
_aLima, Perú : _bUniversidad Católica Sedes Sapientiae, Fondo Editorial UCSS, _c2017. |
|
| 264 | 4 | _c©2017. | |
| 300 | _a245 páginas. | ||
| 336 |
_atexto _btxt _2rdacontenido |
||
| 337 |
_ano mediado _bn _2rdamedio |
||
| 338 |
_avolumen _bnc _2rdasoporte |
||
| 505 | 0 | _aHijo de grandes maestros. -- Un asunto de hombres verdaderos (primer encuentro del curso sobre “Educar es un riesgo”). -- El riesgo de educar (segundo encuentro del curso sobre “Educar es un riesgo”). -- Juntos es posible (conclusión del curso sobre “Educar es un riesgo”). -- Jesús es el Señor. -- Somos todos padres putativos. -- No es bueno que el hombre esté solo. -- El aprendizaje, una relación amorosa. -- La evaluación, afirmar el valor del otro. -- Por qué me hice profesor. -- Pinocho, ese desconocido. | |
| 650 | 1 | 0 |
_98398 _aFAMILIA Y ENSEÑANZA |
| 650 | 1 | 0 |
_93262 _aEDUCACION MORAL |
| 650 | 1 | 0 |
_94741 _aEDUCACION PARA LA VIDA FAMILIAR |
| 650 | 1 | 0 |
_9373 _aFILOSOFIA DE LA EDUCACION |
| 942 | 1 |
_2lcc _n0 _cBK |
|
| 999 |
_c13329 _d13329 |
||